02400nam a22002657a 4500008004100000020001800041040000800059041000800067050002700075100003500102245006800137260004000205300002400245520153400269650002801803650002601831650002801857650004501885650003101930650003001961655002701991942000802018952009302026999001502119250922b |||||||| |||| 00| 0 eng d a9781399709897 ctbs aeng aPR6113.A487 bV47 2022 aMandanna, Sangu925946eauthor aThe very secret society of irregular witchesc/ Sangu Mandanna. aLondon,bHodder & Stoughton,c2023. a318 pages ;c20 cm. aA warm and uplifting novel about an isolated witch whose opportunity to embrace a quirky new family-and a new love-changes the course of her life. As one of the few witches in Britain, Mika Moon knows she has to hide her magic, keep her head down, and stay away from other witches so their powers don't mingle and draw attention. And as an orphan who lost her parents at a young age and was raised by strangers, she's used to being alone and she follows the rules...with one exception: an online account, where she posts videos "pretending" to be a witch. She thinks no one will take it seriously. But someone does. An unexpected message arrives, begging her to travel to the remote and mysterious Nowhere House to teach three young witches how to control their magic. It breaks all of the rules, but Mika goes anyway, and is immediately tangled up in the lives and secrets of not only her three charges, but also an absent archaeologist, a retired actor, two long-suffering caretakers, and...Jamie. The handsome and prickly librarian of Nowhere House would do anything to protect the children, and as far as he's concerned, a stranger like Mika is a threat. An irritatingly appealing threat. As Mika begins to find her place at Nowhere House, the thought of belonging somewhere begins to feel like a real possibility. But magic isn't the only danger in the world, and when a threat comes knocking at their door, Mika will need to decide whether to risk everything to protect a found family she didn't know she was looking for... 0aWitchesvFiction924028 0aMagicvFiction924059 0aSecrecyvFiction925722 0aMan-woman relationships vFiction911134 0aLibrariansvFiction924147 0aFamilies vFiction922172 0aFantasy fiction922510 2lcc 00102lcc4070aTBSbTBSd2025-09-22l0oP-EN MANpB07591r2025-09-22t1w2025-09-22y1 c4975d4975